000 00442nam a22001577a 4500
005 20251108165917.0
008 250721s1986 xx 000 0 ara d
082 1 4 _aق/موب
100 1 _aموباسان، في دى
245 1 0 _aالموتى لا يكذبون و قصص أخرى /
264 1 _aتونس :
_bدار المعارف،
_c1986.
300 _a151ص
650 1 7 _aالأدب القصصي
942 _2ddc
_cBK
999 _c34563
_d34563